00945nam a22002415i 450000100060000000300090000600500170001500700030003200800410003504000200007610000430009624501560013926001080029530000490040349000300045250000480048265100280053065100350055865100350059374000240062883000300065285200210068268348ES-MaACL20250813063308.0t|960731s1876 sp ||||1| spa d aCAM bspa cCAM1 aGarcía Ayuso, Francisco, d1835-189710aIrán o del Indo al Tigris b: descripción geográfica de los paises iranios, Afghanistan, Beluchistan, Persia y Armenia / cpor F. García Ayuso. aMadrid : b[s.n.] ; aParis : bMaisonneuve et c., c[1876] (eMadrid : fImprenta de Medina y Navarro) aXVI, 417 p., [1] h. de map. pleg. ; c27 cm.1 aEstudios sobre el Oriente aPrecede al tit.: Estudios sobre el Oriente. 4aIrán-vDescripción. 4aAsia oriental-xDescripción. 4aOriente Medio-xDescripción.0 aDel Indo al Tigris.0 aEstudios sobre el Oriente aES-MaACLjG-9956